000 01202cam a22002415a 4500
001 L140135
008 070905s2007 xxk f 000 0 eng d
035 _a(Sirsi) u140135
041 0 _aeng
050 0 4 _a658.46 $2 18
100 1 _aTranfield, D
245 0 0 _aOrganising for change
_bconflicts and dilemmas in surveying and consulting
260 _aLondon
_bRICS
_c2007
300 _a47p.
_c30cm.
350 _a35
505 2 _aExecutive summary -- Introduction -- The case of the chartered accountancy firms -- The case of IT consultancy -- Ethics and ethical behaviour -- Current practice in the surveying profession -- The demand side -- Conclusions and recommendations
520 _aInvestigates the organisational and ethical conflicts and dilemmas for surveyors, surveying firms and RICS itself of the opportunities for the surveying profession in offering value added advisory services to clients. Report develops ideas from "Changing Times: strategic consulting for professional effectiveness" (See J118669).
590 _aKA
651 4 _aUnited Kingdom
_y
690 _aABOUT RICS-RICS PROFESSIONAL REGULATION AND CONSUMER PROTECTION
700 1 _aGleadle, Pauline
942 _n0
999 _c107435
_d107435